[Event "37. Copenhagen Open (Politiken Cup)"]
[Site "Elsinore"]
[Date "2015.07.30"]
[Round "7"]
[White "Marin, Mihail"]
[Black "Schroeder, Jan Christian"]
[Result "0-1"]
[WhiteElo "2579"]
[BlackElo "2461"]
[PlyCount "114"]
[EventDate "2015.07.25"]
[EventType "swiss"]
[EventRounds "10"]
[EventCountry "DEN"]
[Source "ChessBase"]
[SourceDate "2015.09.14"]

1. c4 e6 2. g3 d5 3. Bg2 Nf6 4. Nf3 dxc4 5. Qa4+ Bd7 6. Qxc4 c5 7. Ne5 Qc8 8.
Nxd7 Qxd7 9. O-O Nc6 10. Nc3 Rc8 11. a4 Be7 12. d3 O-O 13. a5 h6 14. Nb5 Nd5
15. Qa4 Rfd8 16. Bd2 Bf6 17. Rfb1 Qe7 18. Ra3 Ndb4 19. Rb3 a6 20. Nc3 c4 21.
Rxb4 Nxb4 22. Ne4 Nc6 23. dxc4 Be5 24. Be1 f5 25. Nd2 Bf6 26. b4 Bc3 27. Nf3
Bxe1 28. Nxe1 Ne5 29. c5 Rd2 30. Nf3 Nxf3+ 31. Bxf3 e5 32. Qb3+ Kh8 33. Qc3 Rd7
34. e3 Rcd8 35. h4 e4 36. Be2 Rd2 37. Bf1 Qe6 38. Bc4 Qg6 39. Qe5 Qg4 40. Rf1
Qh3 41. c6 bxc6 42. Bxa6 Rd1 43. Qe6 Rxf1+ 44. Bxf1 Rd1 45. Qc4 f4 46. gxf4
Qg4+ 47. Kh2 Qxh4+ 48. Kg1 Qg4+ 49. Kh2 Rd2 50. Qxe4 Qh4+ 51. Bh3 Qxf2+ 52. Bg2
Qh4+ 53. Kg1 Rd1+ 54. Bf1 Qg3+ 55. Qg2 Qxe3+ 56. Qf2 Qxf2+ 57. Kxf2 Rd4 0-1

[Event "37. Copenhagen Open (Politiken Cup)"]
[Site "Elsinore"]
[Date "2015.07.30"]
[Round "7"]
[White "Maselli, Daniel"]
[Black "Hjornevik, Knut Jarle"]
[Result "0-1"]
[WhiteElo "1717"]
[BlackElo "1958"]
[PlyCount "154"]
[EventDate "2015.07.25"]
[EventType "swiss"]
[EventRounds "10"]
[EventCountry "DEN"]
[Source "ChessBase"]
[SourceDate "2015.09.14"]

1. d4 Nf6 2. Nf3 e6 3. Bg5 h6 4. Bh4 g5 5. Bg3 Nh5 6. Nbd2 Nxg3 7. hxg3 Bg7 8.
e3 b6 9. Bd3 Bb7 10. Be4 Bxe4 11. Nxe4 d6 12. Qd3 a6 13. c3 Nd7 14. O-O-O b5
15. Rh2 f5 16. Ned2 Nf6 17. Rhh1 Ng4 18. Rdf1 d5 19. Nh2 Nxh2 20. Rxh2 g4 21.
Rh5 Qd6 22. b4 Kf7 23. Nb3 Kg6 24. Rfh1 c6 25. Kb2 Rhf8 26. R5h2 Rh8 27. Rh5
Rhf8 28. R5h2 Rh8 29. Qe2 h5 30. f4 Qd8 31. Nc5 Qc8 32. Ra1 Bf8 33. Nb3 Qc7 34.
Qe1 Bd6 35. a3 Qe7 36. Na5 Rac8 37. Nb3 Rh7 38. Qf2 Ra8 39. Na5 Bc7 40. Nxc6
Qe8 41. Ne5+ Bxe5 42. fxe5 Qc6 43. Qe2 a5 44. Rhh1 Rc7 45. Rhc1 a4 46. Rc2 Rh8
47. Rh1 Rch7 48. Rh4 Qc4 49. Qxc4 dxc4 50. Rf2 Rf7 51. Kc2 Rhh7 52. Kd2 Kg5 53.
Ke2 Kg6 54. Rf4 Kg5 55. Rh1 Rd7 56. Kf2 Rhf7 57. Rf1 Rh7 58. Ke2 Rhe7 59. e4
fxe4 60. Rxe4 Kg6 61. Ref4 Kg7 62. Ke3 Re8 63. Ke4 Kg6 64. Rf8 Ree7 65. Ke3 Kg7
66. R8f6 Rd5 67. Kf4 Rd8 68. Kg5 Rd5 69. Kxh5 Rd8 70. Kxg4 Rh8 71. Kf3 Rh5 72.
Kf2 Rg5 73. Rh1 Kg8 74. Rhh6 Reg7 75. Rh3 R7g6 76. Rxg6+ Rxg6 77. Rh4 Rg7 0-1

[Event "37. Copenhagen Open (Politiken Cup)"]
[Site "Elsinore"]
[Date "2015.07.30"]
[Round "7"]
[White "Matthiesen, Martin"]
[Black "Thogersen, Rasmus"]
[Result "1-0"]
[WhiteElo "2347"]
[BlackElo "2192"]
[PlyCount "67"]
[EventDate "2015.07.25"]
[EventType "swiss"]
[EventRounds "10"]
[EventCountry "DEN"]
[Source "ChessBase"]
[SourceDate "2015.09.14"]

1. d4 Nf6 2. c4 g6 3. Nc3 Bg7 4. e4 d6 5. f3 O-O 6. Be3 Nc6 7. Nge2 a6 8. Qd2
Rb8 9. Rc1 Bd7 10. b3 b5 11. cxb5 axb5 12. d5 Ne5 13. Nd4 b4 14. Ncb5 e6 15.
dxe6 fxe6 16. Nxc7 Qe7 17. Ndb5 Nf7 18. Be2 Rfc8 19. Na7 Rd8 20. Na6 Rb7 21.
Nxb4 Ra8 22. Nac6 Qe8 23. O-O d5 24. e5 d4 25. Bxd4 Nd5 26. Nxd5 exd5 27. e6
Qxe6 28. Bxg7 Kxg7 29. Nd4 Qb6 30. Kh1 Nd6 31. a4 Nf5 32. Nxf5+ Bxf5 33. Qxd5
Qxb3 34. Rc7+ 1-0

[Event "37. Copenhagen Open (Politiken Cup)"]
[Site "Elsinore"]
[Date "2015.07.30"]
[Round "7"]
[White "Maze, Sebastien"]
[Black "Bach, Matthias"]
[Result "1-0"]
[WhiteElo "2575"]
[BlackElo "2236"]
[PlyCount "117"]
[EventDate "2015.07.25"]
[EventType "swiss"]
[EventRounds "10"]
[EventCountry "DEN"]
[Source "ChessBase"]
[SourceDate "2015.09.14"]

1. Nf3 c5 2. g3 d6 3. Bg2 Bd7 4. O-O Qc8 5. e4 Nc6 6. c3 Nf6 7. Re1 e5 8. d4 h5
9. Bg5 Nh7 10. Be3 Bg4 11. Qa4 a6 12. d5 b5 13. Qc2 Na5 14. a4 Be7 15. axb5
axb5 16. Na3 Bd7 17. b4 Nb7 18. Qe2 c4 19. Nc2 Rxa1 20. Rxa1 O-O 21. Nd2 h4 22.
Ra7 Qc7 23. Qd1 Rb8 24. Qa1 hxg3 25. hxg3 Kf8 26. Qa6 Qc8 27. Bb6 Nd8 28. Qa5
Nb7 29. Qa1 Nd8 30. Qa5 Nb7 31. Qa3 Nf6 32. Nf1 Ne8 33. Kh2 Nd8 34. Qa5 Nb7 35.
Qa6 Nd8 36. Qxc8 Bxc8 37. Ba5 Nb7 38. Bh3 Bxh3 39. Kxh3 Nd8 40. Na3 f6 41. Ne3
g6 42. Ra6 Nf7 43. Kg2 Bd8 44. Bxd8 Nxd8 45. Ra7 Nf7 46. f3 Nh6 47. Kh3 Ng8 48.
f4 Ne7 49. Kg2 Nc8 50. Ra6 Ke7 51. f5 Nc7 52. Rc6 Kd7 53. fxg6 Ne7 54. g7 f5
55. Rxc7+ Kxc7 56. exf5 Ng8 57. g4 Kd7 58. g5 Ke7 59. f6+ 1-0

[Event "37. Copenhagen Open (Politiken Cup)"]
[Site "Elsinore"]
[Date "2015.07.30"]
[Round "7"]
[White "Mehringer, Joerg"]
[Black "Rose, Dennis Lauge"]
[Result "1-0"]
[WhiteElo "1991"]
[BlackElo "1797"]
[PlyCount "105"]
[EventDate "2015.07.25"]
[EventType "swiss"]
[EventRounds "10"]
[EventCountry "DEN"]
[Source "ChessBase"]
[SourceDate "2015.09.14"]

1. e4 c5 2. g3 Nc6 3. Bg2 d6 4. Ne2 Bg4 5. h3 Bh5 6. c3 e6 7. O-O Be7 8. d3 h6
9. Be3 Nf6 10. Qd2 Ne5 11. f4 Bxe2 12. Qxe2 Nc6 13. Nd2 Qc7 14. a3 Rd8 15. d4
O-O 16. g4 Nh7 17. d5 Nb8 18. Kh1 Nd7 19. Rg1 e5 20. f5 a6 21. Qf2 g5 22. fxg6
fxg6 23. Qe2 Kg7 24. Nf1 Bh4 25. Nh2 Ng5 26. Raf1 Rxf1 27. Rxf1 Nf6 28. Bf2
Bxf2 29. Rxf2 Rf8 30. h4 Ngxe4 31. Rf3 c4 32. Re3 Nc5 33. Qxc4 b5 34. Qe2 Qe7
35. h5 Qf7 36. hxg6 Kxg6 37. Rh3 Kg7 38. b4 Ncd7 39. c4 bxc4 40. Qxc4 Nb6 41.
Qc1 Qg6 42. Qc7+ Nfd7 43. Nf3 Rc8 44. Qb7 Rc4 45. Nh4 Qxg4 46. Rg3 Rc1+ 47. Kh2
Qxg3+ 48. Kxg3 Rc3+ 49. Kh2 Rxa3 50. Qc7 Ra2 51. Qxd6 Rd2 52. Nf5+ Kh8 53.
Qxh6+ 1-0

[Event "37. Copenhagen Open (Politiken Cup)"]
[Site "Elsinore"]
[Date "2015.07.30"]
[Round "7"]
[White "Merkesvik, Amalie Isabel"]
[Black "Jensen, Ib"]
[Result "0-1"]
[WhiteElo "1461"]
[BlackElo "1948"]
[PlyCount "52"]
[EventDate "2015.07.25"]
[EventType "swiss"]
[EventRounds "10"]
[EventCountry "DEN"]
[Source "ChessBase"]
[SourceDate "2015.09.14"]

1. e4 e5 2. Nf3 d6 3. Nc3 Nf6 4. h3 Be7 5. Bc4 O-O 6. O-O a6 7. d4 b5 8. Bd3
Nbd7 9. dxe5 dxe5 10. a3 Re8 11. Re1 c5 12. b3 Bb7 13. Bb2 Qc7 14. Nd5 Nxd5 15.
exd5 c4 16. Be4 Bd6 17. Qd2 Rac8 18. bxc4 bxc4 19. Bc3 Nf6 20. Bf5 Ra8 21. Qe2
g6 22. Be4 Bxd5 23. Bxd5 Nxd5 24. Bxe5 Bxe5 25. Nxe5 f6 26. Qxc4 Rxe5 0-1

[Event "37. Copenhagen Open (Politiken Cup)"]
[Site "Elsinore"]
[Date "2015.07.30"]
[Round "7"]
[White "Moe, Mogens"]
[Black "Lunde, Sigmund"]
[Result "1-0"]
[WhiteElo "2070"]
[BlackElo "1898"]
[PlyCount "73"]
[EventDate "2015.07.25"]
[EventType "swiss"]
[EventRounds "10"]
[EventCountry "DEN"]
[Source "ChessBase"]
[SourceDate "2015.09.14"]

1. e4 d5 2. exd5 Qxd5 3. Nc3 Qd6 4. d4 c6 5. Nf3 Bg4 6. Be3 Nf6 7. h3 Bf5 8.
Bd3 Bxd3 9. Qxd3 Nbd7 10. O-O e6 11. g3 Qc7 12. Ng5 h6 13. Nge4 Nh5 14. Qe2 g6
15. Rad1 O-O-O 16. Qf3 f5 17. Nc5 Nxc5 18. dxc5 Bg7 19. Rd6 Rxd6 20. cxd6 Qxd6
21. Bxa7 e5 22. Na4 Qb4 23. Nb6+ Kc7 24. Rd1 Nf6 25. Qd3 Qe7 26. Nc4 Nd5 27.
Ne3 Rd8 28. Qb3 Rd7 29. Nxd5+ cxd5 30. Bb6+ Kc6 31. a4 Qf7 32. f4 exf4 33. gxf4
d4 34. Qb5+ Kd6 35. Qc5+ Ke6 36. Re1+ Kf6 37. Qe5# 1-0

[Event "37. Copenhagen Open (Politiken Cup)"]
[Site "Elsinore"]
[Date "2015.07.30"]
[Round "7"]
[White "Molin, Claus"]
[Black "Vovk, Oksana"]
[Result "0-1"]
[WhiteElo "1990"]
[BlackElo "2127"]
[PlyCount "42"]
[EventDate "2015.07.25"]
[EventType "swiss"]
[EventRounds "10"]
[EventCountry "DEN"]
[Source "ChessBase"]
[SourceDate "2015.09.14"]

1. Nf3 d5 2. d4 Nf6 3. Bg5 e6 4. e3 c5 5. Bb5+ Bd7 6. Bd3 Qb6 7. Nbd2 c4 8. Be2
Qxb2 9. O-O Nc6 10. Rb1 Qxa2 11. Rxb7 Qa6 12. Rb1 Qc8 13. e4 Be7 14. e5 Ne4 15.
Bxe7 Nc3 16. Qe1 Kxe7 17. Rc1 Nb4 18. Ng5 h6 19. Nh3 a5 20. Bg4 Nca2 21. Rb1
Nxc2 0-1

[Event "37. Copenhagen Open (Politiken Cup)"]
[Site "Elsinore"]
[Date "2015.07.30"]
[Round "7"]
[White "Moller, Arne"]
[Black "Subramanian, Aditya"]
[Result "0-1"]
[WhiteElo "1787"]
[BlackElo "1942"]
[PlyCount "36"]
[EventDate "2015.07.25"]
[EventType "swiss"]
[EventRounds "10"]
[EventCountry "DEN"]
[Source "ChessBase"]
[SourceDate "2015.09.14"]

1. e4 e5 2. Nf3 Nc6 3. Bc4 Nf6 4. d3 Be7 5. O-O O-O 6. h3 d6 7. Be3 Na5 8. Bb3
c5 9. Nbd2 Rb8 10. Nh2 b5 11. Qe2 d5 12. exd5 Nxd5 13. Bxd5 Qxd5 14. Nb3 Bb7
15. f3 Nc6 16. c4 bxc4 17. dxc4 Qd8 18. Nxc5 Nd4 0-1

[Event "37. Copenhagen Open (Politiken Cup)"]
[Site "Elsinore"]
[Date "2015.07.30"]
[Round "7"]
[White "Mott, Jens"]
[Black "Tolba, Henri"]
[Result "1-0"]
[WhiteElo "1953"]
[BlackElo "1739"]
[PlyCount "93"]
[EventDate "2015.07.25"]
[EventType "swiss"]
[EventRounds "10"]
[EventCountry "DEN"]
[Source "ChessBase"]
[SourceDate "2015.09.14"]

1. e4 d6 2. f4 Nf6 3. Nc3 Bg4 4. Be2 Bxe2 5. Qxe2 e5 6. d3 Nc6 7. Nf3 Qd7 8. h3
Nd4 9. Qf2 Nxf3+ 10. Qxf3 O-O-O 11. Be3 Kb8 12. g4 exf4 13. Bxf4 d5 14. e5 d4
15. exf6 dxc3 16. bxc3 Qe6+ 17. Kd2 Qxf6 18. Rab1 b6 19. Rhf1 Qe6 20. Rb3 f6
21. Re1 Qd7 22. Re4 Bd6 23. Bxd6 Qxd6 24. Qe2 Qc6 25. Rbb4 Rd5 26. Rbc4 Qb5 27.
a4 Qa6 28. Rc6 Re5 29. Rxe5 fxe5 30. Qxe5 Rc8 31. Rc4 Qb7 32. Re4 Rg8 33. Qe7
Qc8 34. Rf4 Re8 35. Qf7 Qe6 36. Qxe6 Rxe6 37. h4 Re7 38. g5 g6 39. d4 Kb7 40.
c4 a5 41. Kd3 Kc8 42. c5 Kd7 43. Kc4 bxc5 44. Kxc5 Re6 45. Rf7+ Ke8 46. Rxc7
Re2 47. c4 1-0

[Event "37. Copenhagen Open (Politiken Cup)"]
[Site "Elsinore"]
[Date "2015.07.30"]
[Round "7"]
[White "Myhre, Mads Wollan"]
[Black "Nielsen, Jens Holm"]
[Result "0-1"]
[WhiteElo "1686"]
[BlackElo "1836"]
[PlyCount "110"]
[EventDate "2015.07.25"]
[EventType "swiss"]
[EventRounds "10"]
[EventCountry "DEN"]
[Source "ChessBase"]
[SourceDate "2015.09.14"]

1. c4 c5 2. g3 g6 3. Nc3 Nc6 4. Bg2 Bg7 5. Nf3 e5 6. O-O Nge7 7. d3 O-O 8. a3
d5 9. Nd2 Be6 10. cxd5 Nxd5 11. Rb1 Nxc3 12. bxc3 Qc7 13. Qa4 Bd7 14. Qb3 Rab8
15. Bb2 b6 16. Qc2 Rbc8 17. Rfc1 Ne7 18. Nf3 Be6 19. Ng5 Bd5 20. Bxd5 Nxd5 21.
c4 Ne7 22. Ne4 Nf5 23. Nc3 Ne7 24. Qa4 Ra8 25. Nb5 Qd7 26. Nc3 Qxa4 27. Nxa4
Nc6 28. Kf1 Rfe8 29. Nc3 Rad8 30. Nd5 Rd7 31. e4 Ne7 32. f4 Nxd5 33. cxd5 f6
34. a4 Bh6 35. Rc2 exf4 36. Rf2 fxg3 37. hxg3 c4 38. dxc4 Rxe4 39. Rxf6 Rxc4
40. Re1 Rc8 41. a5 Rf8 42. a6 Rxf6+ 43. Bxf6 Kf7 44. Be5 Rxd5 45. Bb8 Rd8 46.
Bxa7 Ra8 47. Rb1 Rxa7 48. Rxb6 Bf8 49. Kg2 Rd7 50. Rb7 Rxb7 51. axb7 Bd6 52.
Kf3 Kf6 53. Kg4 h6 54. Kh4 g5+ 55. Kh5 Bxg3 0-1

[Event "37. Copenhagen Open (Politiken Cup)"]
[Site "Elsinore"]
[Date "2015.07.30"]
[Round "7"]
[White "Naroditsky, Daniel"]
[Black "Smith, Axel"]
[Result "1/2-1/2"]
[WhiteElo "2622"]
[BlackElo "2449"]
[PlyCount "92"]
[EventDate "2015.07.25"]
[EventType "swiss"]
[EventRounds "10"]
[EventCountry "DEN"]
[Source "ChessBase"]
[SourceDate "2015.09.14"]

1. d4 Nf6 2. c4 c5 3. e3 e6 4. Nf3 d5 5. Nc3 a6 6. dxc5 Bxc5 7. a3 dxc4 8.
Qxd8+ Kxd8 9. Ne5 Ke7 10. Nxc4 b5 11. b4 Ba7 12. Na5 Bd7 13. a4 Rc8 14. Bb2
bxa4 15. Be2 g6 16. O-O Nd5 17. Bf3 Nc6 18. Bxd5 exd5 19. Nxd5+ Ke6 20. Nf4+
Ke7 21. Rxa4 Nxa5 22. Rxa5 Bb5 23. Rd1 Rc2 24. Nd5+ Ke6 25. h4 Rac8 26. Nf4+
Ke7 27. Be5 f6 28. Bd4 Bxd4 29. Rxd4 Rb2 30. Ra3 Rc1+ 31. Kh2 Rxf2 32. Nd3 Bxd3
33. Raxd3 Rcc2 34. Re4+ Kf8 35. Rd8+ Kg7 36. Re7+ Kh6 37. Rdd7 Rxg2+ 38. Kh3
Rh2+ 39. Kg3 Rhg2+ 40. Kh3 Rh2+ 41. Kg3 Rcg2+ 42. Kf3 Rf2+ 43. Kg3 Rhg2+ 44.
Kh3 Rh2+ 45. Kg3 Rhg2+ 46. Kh3 Rh2+ 1/2-1/2

[Event "37. Copenhagen Open (Politiken Cup)"]
[Site "Elsinore"]
[Date "2015.07.30"]
[Round "7"]
[White "Neu, Alexandre"]
[Black "Saltvedt, Martin"]
[Result "1/2-1/2"]
[WhiteElo "1741"]
[BlackElo "1864"]
[PlyCount "43"]
[EventDate "2015.07.25"]
[EventType "swiss"]
[EventRounds "10"]
[EventCountry "DEN"]
[Source "ChessBase"]
[SourceDate "2015.09.14"]

1. e4 c5 2. Nf3 Nc6 3. Bb5 e6 4. O-O Nge7 5. c3 a6 6. Ba4 b5 7. Bc2 g6 8. Re1
Bg7 9. d4 cxd4 10. cxd4 O-O 11. Be3 Bb7 12. Nc3 Rc8 13. Rc1 f5 14. Qd2 Nb4 15.
Bb1 fxe4 16. Nxe4 Rxc1 17. Rxc1 Nbd5 18. Bh6 Nf5 19. Bxg7 Kxg7 20. Nc5 Bc6 21.
Ne5 Nc7 22. Nxc6 1/2-1/2

[Event "37. Copenhagen Open (Politiken Cup)"]
[Site "Elsinore"]
[Date "2015.07.30"]
[Round "7"]
[White "Nielsen, Carsten Juul"]
[Black "Martinsson, Jonas"]
[Result "1-0"]
[WhiteElo "2023"]
[BlackElo "1845"]
[PlyCount "93"]
[EventDate "2015.07.25"]
[EventType "swiss"]
[EventRounds "10"]
[EventCountry "DEN"]
[Source "ChessBase"]
[SourceDate "2015.09.14"]

1. d4 Nf6 2. c4 c5 3. d5 b5 4. Qc2 bxc4 5. e4 d6 6. Bxc4 g6 7. Bd2 Bg7 8. Bc3
O-O 9. Nf3 Nbd7 10. O-O Nb6 11. Bb5 Rb8 12. a4 a6 13. Be2 Qc7 14. Nbd2 Qb7 15.
a5 Na8 16. Nc4 Nc7 17. Bd3 Nb5 18. Rab1 Nxc3 19. bxc3 Qa7 20. Rxb8 Qxb8 21. Rb1
Qa7 22. Nb6 Bg4 23. Nd2 Rb8 24. Ndc4 Ne8 25. h3 Bd7 26. Nxd7 Rxb1+ 27. Qxb1
Qxd7 28. Nb6 Qb7 29. Qb3 Nc7 30. g3 h5 31. h4 Kh7 32. Kg2 Nb5 33. Bxb5 axb5 34.
Qxb5 Bxc3 35. a6 Qb8 36. Qc6 Bd4 37. Qb7 Qh8 38. a7 Qf6 39. f3 c4 40. a8=Q c3
41. Qa2 Be3 42. Nc4 Bc5 43. Qe2 Qd4 44. Ne3 c2 45. Qxc2 Qxe3 46. Qbb1 Bd4 47.
Qbd1 1-0

[Event "37. Copenhagen Open (Politiken Cup)"]
[Site "Elsinore"]
[Date "2015.07.30"]
[Round "7"]
[White "Nielsen, Hogni Egilstoft"]
[Black "Risting, Eivind Olav"]
[Result "0-1"]
[WhiteElo "2338"]
[BlackElo "2190"]
[PlyCount "64"]
[EventDate "2015.07.25"]
[EventType "swiss"]
[EventRounds "10"]
[EventCountry "DEN"]
[Source "ChessBase"]
[SourceDate "2015.09.14"]

1. e4 c6 2. d4 d5 3. exd5 cxd5 4. c4 Nf6 5. Nc3 Nc6 6. c5 g6 7. Nf3 Bg7 8. h3
O-O 9. Be3 Ne4 10. Qb3 e5 11. dxe5 Be6 12. Nd4 Nxc5 13. Qb5 Nd7 14. Qxb7 Nxd4
15. Bxd4 Qh4 16. O-O-O Rab8 17. Qxa7 Ra8 18. Qc7 Rfc8 19. Qb7 Nxe5 20. g3 Qd8
21. Qb6 Qe7 22. Kb1 Rab8 23. Qa6 Qb4 24. Qe2 Rxc3 25. Bxc3 Qxc3 26. Qd2 Qxd2
27. Rxd2 Nc4 28. Bxc4 dxc4 29. Rhd1 Bf6 30. g4 c3 31. Rc2 cxb2 32. Rd3 Bxa2+
0-1

[Event "37. Copenhagen Open (Politiken Cup)"]
[Site "Elsinore"]
[Date "2015.07.30"]
[Round "7"]
[White "Nielsen, Kai Gylling"]
[Black "Kvamme, Ingrid Jodre"]
[Result "1-0"]
[WhiteElo "1761"]
[BlackElo "1351"]
[PlyCount "71"]
[EventDate "2015.07.25"]
[EventType "swiss"]
[EventRounds "10"]
[EventCountry "DEN"]
[Source "ChessBase"]
[SourceDate "2015.09.14"]

1. e4 c5 2. Nf3 Nc6 3. d4 cxd4 4. Nxd4 g6 5. c3 Bg7 6. Be3 Nf6 7. Nd2 O-O 8.
Be2 d5 9. Nxc6 bxc6 10. e5 Ne8 11. f4 Bf5 12. g4 Bd7 13. O-O Nc7 14. Qc2 Nb5
15. a4 Nc7 16. Bd4 e6 17. Rf3 Qe7 18. b4 Rfb8 19. Bc5 Qd8 20. Nf1 a5 21. Ng3
Bc8 22. f5 exf5 23. gxf5 Bxe5 24. fxg6 hxg6 25. Raf1 Be6 26. Bd3 Qg5 27. Be3
Qg4 28. Qf2 Rf8 29. Bc5 Rfe8 30. Kh1 axb4 31. Rg1 Qh4 32. cxb4 Na6 33. Bxa6
Rxa6 34. a5 d4 35. Rf1 f5 36. Qg1 1-0

[Event "37. Copenhagen Open (Politiken Cup)"]
[Site "Elsinore"]
[Date "2015.07.30"]
[Round "7"]
[White "Nielsen, Morten"]
[Black "Eriksson, Kristian"]
[Result "0-1"]
[WhiteElo "1942"]
[BlackElo "2164"]
[PlyCount "94"]
[EventDate "2015.07.25"]
[EventType "swiss"]
[EventRounds "10"]
[EventCountry "DEN"]
[Source "ChessBase"]
[SourceDate "2015.09.14"]

1. e4 e5 2. Bc4 Nf6 3. Nf3 Nc6 4. Ng5 d5 5. exd5 Na5 6. d3 h6 7. Nf3 e4 8. Qe2
Nxc4 9. dxc4 Bc5 10. h3 O-O 11. Nh2 e3 12. Bxe3 Bxe3 13. fxe3 Ne4 14. Nf1 Qh4+
15. g3 Qf6 16. c3 Bf5 17. Nbd2 Nc5 18. Qf3 Nd3+ 19. Ke2 Ne5 20. Qf4 g5 21. Qd4
Bd3+ 22. Kd1 Rfe8 23. e4 Bxc4 24. Rh2 Bxf1 25. Rf2 Qa6 26. Rxf1 c5 27. Qe3 c4
28. h4 g4 29. Kc2 Rac8 30. a4 Re7 31. Qd4 Rce8 32. Rf5 Nf3 33. Nxf3 Rxe4 34.
Rf6 Rxd4 35. Rxa6 Re2+ 36. Kc1 Rxd5 37. Nd4 Re1+ 38. Kc2 Rxa1 39. Rxa7 Rg1 40.
Rxb7 Rg2+ 41. Kb1 Rxg3 42. Nc6 Rd1+ 43. Ka2 Rgg1 44. Ka3 g3 45. Ne7+ Kh7 46.
Nf5 g2 47. Ne3 Rd2 0-1

[Event "37. Copenhagen Open (Politiken Cup)"]
[Site "Elsinore"]
[Date "2015.07.30"]
[Round "7"]
[White "Nielsen, Palle"]
[Black "Halse, Iver"]
[Result "0-1"]
[WhiteElo "1751"]
[BlackElo "1560"]
[PlyCount "82"]
[EventDate "2015.07.25"]
[EventType "swiss"]
[EventRounds "10"]
[EventCountry "DEN"]
[Source "ChessBase"]
[SourceDate "2015.09.14"]

1. c4 e5 2. Nc3 Nf6 3. g3 Be7 4. Bg2 O-O 5. Qc2 Nc6 6. e3 d6 7. a3 Re8 8. b4
Be6 9. Nd5 Qc8 10. Ne2 Bf5 11. d3 Bf8 12. Nxf6+ gxf6 13. h4 Bd7 14. e4 f5 15.
Bg5 fxe4 16. Bxe4 Ne7 17. Qd2 f5 18. Bg2 Bc6 19. f3 Qe6 20. O-O-O a6 21. Rde1
Qf7 22. Nc3 b5 23. Bxe7 Bxe7 24. Nd5 Bxd5 25. cxd5 f4 26. gxf4 exf4 27. Bh3 Qf6
28. Be6+ Kh8 29. d4 Bf8 30. Re4 Bh6 31. Qf2 Re7 32. Rg1 Ree8 33. Kc2 Rf8 34.
Kd3 a5 35. Kc3 axb4+ 36. Kxb4 Bg7 37. Rg4 Ra4+ 38. Kxb5 Rfa8 39. Rgxf4 Qd8 40.
Qc2 Qb8+ 41. Kc6 R4a6+ 0-1

[Event "37. Copenhagen Open (Politiken Cup)"]
[Site "Elsinore"]
[Date "2015.07.30"]
[Round "7"]
[White "Nielsen, Thomas Bach"]
[Black "Fjallheim, Elmar Reinert"]
[Result "1-0"]
[WhiteElo "2193"]
[BlackElo "1601"]
[PlyCount "81"]
[EventDate "2015.07.25"]
[EventType "swiss"]
[EventRounds "10"]
[EventCountry "DEN"]
[Source "ChessBase"]
[SourceDate "2015.09.14"]

1. d4 e6 2. c4 Bb4+ 3. Bd2 Bxd2+ 4. Qxd2 d5 5. Nc3 Ne7 6. Nf3 b6 7. cxd5 Nxd5
8. e4 Nxc3 9. bxc3 Bb7 10. Bd3 Nd7 11. O-O O-O 12. Rad1 Qe7 13. Qf4 Rac8 14.
Bc4 Nf6 15. Rfe1 Nh5 16. Qe5 Nf6 17. h3 Qd6 18. Bd3 Qxe5 19. Nxe5 c5 20. g4
Rfd8 21. dxc5 bxc5 22. f3 h6 23. Kf2 Nd7 24. Nxd7 Rxd7 25. Bb5 Rxd1 26. Rxd1
Kf8 27. Rd7 Rb8 28. Bc4 Bc6 29. Rxa7 Bb5 30. Bxb5 Rxb5 31. Ke3 Rb8 32. Kd3 g6
33. Kc4 Rc8 34. a4 f5 35. a5 h5 36. a6 hxg4 37. hxg4 Rc6 38. Kb5 Rd6 39. Kxc5
Rd3 40. Rb7 Rxc3+ 41. Kb4 1-0

[Event "37. Copenhagen Open (Politiken Cup)"]
[Site "Elsinore"]
[Date "2015.07.30"]
[Round "7"]
[White "Nilsen, Tobias Lang"]
[Black "Wadstensvik, Petter Andreas"]
[Result "1-0"]
[WhiteElo "1855"]
[BlackElo "1658"]
[PlyCount "73"]
[EventDate "2015.07.25"]
[EventType "swiss"]
[EventRounds "10"]
[EventCountry "DEN"]
[Source "ChessBase"]
[SourceDate "2015.09.14"]

1. d4 Nf6 2. c4 g6 3. Nc3 Bg7 4. e4 d6 5. Nf3 O-O 6. Be2 e5 7. O-O Nc6 8. d5
Ne7 9. Ne1 Nd7 10. Be3 f5 11. f3 f4 12. Bf2 g5 13. Nd3 Nf6 14. c5 h5 15. Rc1 h4
16. h3 Nh5 17. cxd6 cxd6 18. Nb5 a6 19. Nc7 Ng3 20. Re1 Bxh3 21. gxh3 Qd7 22.
Ne6 Nc6 23. Kg2 Nd4 24. Bxd4 exd4 25. Rc7 Qe8 26. Rxg7+ Kh8 27. Nf2 Rf6 28.
Qxd4 Nh5 29. Ng4 Nxg7 30. Qxf6 Qg8 31. Nh6 Qh7 32. Nf8 g4 33. Nxh7 gxh3+ 34.
Kh2 Kxh7 35. Rg1 Rg8 36. Qg6+ Kh8 37. Nf7# 1-0

[Event "37. Copenhagen Open (Politiken Cup)"]
[Site "Elsinore"]
[Date "2015.07.30"]
[Round "7"]
[White "Nilssen, Ellen Fredericia"]
[Black "Kristiansen, Jesper2"]
[Result "1-0"]
[WhiteElo "1819"]
[BlackElo "2051"]
[PlyCount "73"]
[EventDate "2015.07.25"]
[EventType "swiss"]
[EventRounds "10"]
[EventCountry "DEN"]
[Source "ChessBase"]
[SourceDate "2015.09.14"]

1. d4 d5 2. c4 dxc4 3. e3 Nf6 4. Bxc4 e6 5. Nc3 a6 6. Nf3 c5 7. O-O Nbd7 8. a3
b5 9. Ba2 Bb7 10. dxc5 Bxc5 11. b4 Be7 12. Bb2 O-O 13. Rc1 Qb6 14. Nd4 Rac8 15.
Qe2 Rc7 16. Nb3 Rfc8 17. Na5 Ba8 18. Rfd1 Bd6 19. Qd2 Be5 20. Ne2 Bxb2 21. Qxb2
h6 22. h3 Bd5 23. Bxd5 Nxd5 24. Rxc7 Rxc7 25. Rc1 N7f6 26. Nd4 Ne4 27. Ndb3
Ndc3 28. Qc2 Nf6 29. Qd3 Ncd5 30. Rxc7 Qxc7 31. Nc5 Qb6 32. Qd4 Kh7 33. Qe5 Ne7
34. Nab7 Ned5 35. Qd6 Ne4 36. Qxb6 Nxb6 37. Nxe4 1-0

[Event "37. Copenhagen Open (Politiken Cup)"]
[Site "Elsinore"]
[Date "2015.07.30"]
[Round "7"]
[White "Nilssen, John Arni"]
[Black "Nielsen, Viktor"]
[Result "1-0"]
[WhiteElo "2285"]
[BlackElo "2069"]
[PlyCount "51"]
[EventDate "2015.07.25"]
[EventType "swiss"]
[EventRounds "10"]
[EventCountry "DEN"]
[Source "ChessBase"]
[SourceDate "2015.09.14"]

1. d4 Nf6 2. c4 c5 3. d5 e6 4. Nc3 exd5 5. cxd5 d6 6. Nf3 g6 7. Nd2 a6 8. a4
Bg7 9. e4 O-O 10. Be2 Nbd7 11. O-O Re8 12. f4 c4 13. Kh1 Nc5 14. e5 dxe5 15.
fxe5 Rxe5 16. Nxc4 Re8 17. a5 Nfd7 18. d6 b5 19. axb6 Nxb6 20. Nxb6 Qxb6 21.
Bc4 Be6 22. Nd5 Qa7 23. Be3 Bxd5 24. Qxd5 Rxe3 25. Rxf7 Qxf7 26. Qxa8+ 1-0

[Event "37. Copenhagen Open (Politiken Cup)"]
[Site "Elsinore"]
[Date "2015.07.30"]
[Round "7"]
[White "Nordin, Eric"]
[Black "Frisvold, Ole Emil"]
[Result "0-1"]
[WhiteElo "1899"]
[BlackElo "2063"]
[PlyCount "72"]
[EventDate "2015.07.25"]
[EventType "swiss"]
[EventRounds "10"]
[EventCountry "DEN"]
[Source "ChessBase"]
[SourceDate "2015.09.14"]

1. e4 c5 2. Nc3 Nc6 3. f4 g6 4. Nf3 Bg7 5. Bb5 Nd4 6. O-O a6 7. Bd3 d6 8. Ne2
Nxf3+ 9. Rxf3 Nf6 10. c4 b5 11. cxb5 Qb6 12. Kh1 Bg4 13. Rf1 axb5 14. h3 c4 15.
Bb1 h5 16. e5 dxe5 17. fxe5 Nd7 18. d4 cxd3 19. Bxd3 Nxe5 20. Qb3 Bd7 21. Be4
Be6 22. Qb4 Ra4 23. Qc3 Rxe4 24. Nf4 Bc4 25. Rd1 O-O 26. Qc2 Rd4 27. Re1 Nd3
28. Rxe7 Nxc1 29. Qxc1 Qd6 30. Qe3 Qxf4 31. Qe1 Be6 32. Rc1 Be5 33. Qg1 Rfd8
34. Rf1 Qxf1 35. Qxf1 Rd1 36. Re8+ Kg7 0-1